000 01103nam a2200289Ia 4500
003 OSt
005 20221005111914.0
006 a|||||r|||| 00| 0
007 ta
008 221004b |||||||| |||| 00| 0 san d
020 _c300
024 _a7810
037 _b80, 16/10/2013, Vidyanidhi Prakashan
_cTextual
040 _aCRL
_cCRL
_bsan
041 _2san
_asan
082 _aO15:gxH50,2, 152Q1
100 _aदत्त, भानु
245 0 _aरसमंजरी
246 _aRasamanjarī
260 _aवाराणसी
_bचौखम्बा विद्याभवन भारत
_c2011
300 _a160पृ0
_ccm.
490 _aविद्याभवन प्राच्यविद्या ग्रन्थमाला; 244
650 _aसंस्कृत साहित्य
700 _a पाठक, जमुना, संपा.
942 _hO15:gxH50,2, 152Q1
_cTEXL
_2cc
999 _c1023254
_d1023254